Examen de las políticas cerealistas 1993-1994

Wedi'i Gadw mewn:
Manylion Llyfryddiaeth
Awduron Corfforaethol: Organización de las Naciones Unidas para la Agricultura y la Alimentación (Awdur), FAO (Awdur)
Fformat: Llyfr
Iaith:Sbaeneg
Cyhoeddwyd: Roma FAO 1995
Pynciau:
Tagiau: Ychwanegu Tag
Dim Tagiau, Byddwch y cyntaf i dagio'r cofnod hwn!

MARC

LEADER 00000nam a2200000 a 4500
001 UCO6028
003 CL-VaPUC
008 001006e19950000IT |||||||||||||||||spa|d
082 0 4 |a 338.181  |b ORG  |2 21 
110 2 |a Organización de las Naciones Unidas para la Agricultura y la Alimentación  |e author  |9 450837 
710 2 |a FAO  |e author  |9 450838 
245 1 0 |a Examen de las políticas cerealistas 1993-1994 
300 |a 53 p 
942 |c BK 
945 |d 20001006 00:00:00  |a vberengu 
260 |a Roma  |b FAO  |c 1995 
650 0 |a Aranceles aduaneros  |9 317344 
650 0 |a Cereales  |9 264300 
650 0 |a Comercio exterior  |9 257617 
650 7 |a EXPORTACION AGRICOLA  |2 CL-VaPUC  |9 450839 
650 0 |a Política gubernamental  |9 262286 
583 |a last modification  |c 20001006 00:00:00  |k Rodrigo Vera 
999 |c 291822  |d 291820